[Event "Florianopolis op 9th"]
[Site "Florianopolis"]
[Date "2023.01.28"]
[Round "9"]
[White "Fugimoto, Rafael Aoki"]
[Black "Setti, Dalmarino"]
[Result "1-0"]
[WhiteElo "1317"]
[BlackElo "1696"]
[PlyCount "51"]
[EventDate "2023.01.23"]
[EventType "swiss"]
[EventRounds "10"]
[EventCountry "BRA"]
[SourceTitle "CBM 212 Extra"]
[Source "ChessBase"]
[SourceDate "2023.03.31"]
[SourceVersion "1"]
[SourceVersionDate "2023.03.31"]
[SourceQuality "1"]

1. d4 d5 2. Nf3 Nf6 3. Bf4 e6 4. e3 Bd6 5. Ne5 0-0 6. Bd3 b6 7. Nd2 c5 8. c3 Bb7 9. Qf3 Nc6 10. Qh3 Ne7 11. g4 Ng6 12. Rg1 Ne4 13. f3 Bxe5 14. Bxe5 Nxd2 15. Kxd2 Qh4 16. Rg3 Qxh3 17. Rxh3 Rac8 18. g5 f6 19. gxf6 gxf6 20. Bd6 Rf7 21. Rg1 f5 22. Be5 Kf8 23. Bd6+ Ke8 24. Be5 Kd8 25. Rxg6 Bc6 26. Rg8+ 1-0

[Event "Caioba Copel op 5th"]
[Site "Caioba"]
[Date "2019.09.17"]
[Round "4"]
[White "Setti, Dalmarino"]
[Black "De Oliveira, Wythor Rogerio"]
[Result "0-1"]
[WhiteElo "1686"]
[BlackElo "1445"]
[PlyCount "102"]
[EventDate "2019.08.15"]
[EventType "swiss"]
[EventRounds "6"]
[EventCountry "BRA"]
[SourceTitle "EXT 2020"]
[Source "ChessBase"]
[SourceDate "2019.10.17"]
[SourceVersion "1"]
[SourceVersionDate "2019.10.17"]
[SourceQuality "1"]

1. d4 d5 2. c4 c6 3. Nc3 Nf6 4. Nf3 Bf5 5. Nh4 Bg6 6. Nxg6 hxg6 7. Bf4 b6 8. Rc1 dxc4 9. e4 e6 10. Bxc4 Bb4 11. Bg5 Qc7 12. e5 Nd5 13. 0-0 Bxc3 14. bxc3 b5 15. Bb3 Nd7 16. c4 bxc4 17. Rxc4 f6 18. Bc1 fxe5 19. Qg4 Kf7 20. g3 N7f6 21. Qe2 Rh5 22. Re1 e4 23. Bc2 Rah8 24. h4 Qd6 25. Bxe4 Nxe4 26. Qxe4 Rf5 27. Ba3 Qd7 28. Rec1 Rc8 29. Qc2 Ne7 30. Qa4 Rd5 31. Bc5 Qb7 32. Rb4 Qc7 33. Qa6 Rb8 34. Rcb1 Rxb4 35. Rxb4 Rd7 36. Ra4 Nc8 37. Qe2 Nb6 38. Qf3+ Kg8 39. Qf8+ Kh7 40. Ra3 Rf7 41. Qe8 Qd7 42. Qb8 Qb7 43. Qe5 Nc4 44. Qxe6 Nxa3 45. Bxa3 Rf6 46. Qe5 Qb1+ 47. Kg2 Qxa2 48. Qe3 Qd5+ 49. Kg1 Rf3 50. Qc1 Qxd4 51. h5 Rxg3+ 0-1

[Event "Florianopolis op 5th"]
[Site "Florianopolis"]
[Date "2019.01.22"]
[Round "2"]
[White "Setti, Dalmarino"]
[Black "Rahn, Marlon Cristiano"]
[Result "1-0"]
[WhiteElo "1650"]
[BlackElo "1057"]
[PlyCount "47"]
[EventDate "2019.01.21"]
[EventType "swiss"]
[EventRounds "10"]
[EventCountry "BRA"]
[SourceTitle "CBM 188 Extra"]
[Source "ChessBase"]
[SourceDate "2019.02.26"]
[SourceVersion "1"]
[SourceVersionDate "2019.02.26"]
[SourceQuality "1"]

1. d4 Nf6 2. c4 e6 3. Nc3 Bb4 4. a3 Bxc3+ 5. bxc3 c5 6. e3 Ne4 7. Bd3 Nxc3 8. Qc2 cxd4 9. exd4 Nd5 10. cxd5 Qa5+ 11. Bd2 Qxd5 12. Qxc8+ Ke7 13. Qc5+ Qxc5 14. dxc5 Nc6 15. Nf3 h6 16. 0-0 g5 17. Bc3 Rhg8 18. Ne5 Nd8 19. Rfd1 f5 20. Bb5 Kf6 21. Nxd7+ Kg6 22. Ne5+ Kf6 23. Nc6+ Kg6 24. Ne7+ 1-0

[Event "Caioba Telecom op"]
[Site "Caioba"]
[Date "2017.09.30"]
[Round "6"]
[White "Setti, Dalmarino"]
[Black "Pedroso, Kauani Camili Dias"]
[Result "1-0"]
[WhiteElo "1645"]
[BlackElo "1122"]
[PlyCount "36"]
[EventDate "2017.09.28"]
[EventType "swiss"]
[EventRounds "8"]
[EventCountry "BRA"]
[SourceTitle "EXT 2018"]
[Source "ChessBase"]
[SourceDate "2017.10.13"]
[SourceVersion "1"]
[SourceVersionDate "2017.10.13"]
[SourceQuality "1"]

1. d4 Nf6 2. c4 g6 3. Nc3 Bg7 4. Nf3 0-0 5. Bg5 h6 6. Bh4 d6 7. e3 Bf5 8. Be2 Nbd7 9. Nd2 c5 10. g4 g5 11. gxf5 gxh4 12. d5 Qb6 13. Qc2 Ne5 14. Rg1 Qc7 15. 0-0-0 Qd7 16. f4 e6 17. fxe6 fxe6 18. Nce4 Kh8 1-0

[Event "Florianopolis op 3rd"]
[Site "Florianopolis"]
[Date "2017.01.25"]
[Round "8"]
[White "Setti, Dalmarino"]
[Black "Panazzolo, Paulo Victor"]
[Result "0-1"]
[WhiteElo "1625"]
[BlackElo "1822"]
[PlyCount "45"]
[EventDate "2017.01.20"]
[EventType "swiss"]
[EventRounds "10"]
[EventCountry "BRA"]
[SourceTitle "CBM 176 Extra"]
[Source "ChessBase"]
[SourceDate "2017.03.02"]
[SourceVersion "1"]
[SourceVersionDate "2017.03.02"]
[SourceQuality "1"]

1. d4 d5 2. c4 c6 3. Nf3 Nf6 4. Nc3 e6 5. e3 a6 6. c5 Nbd7 7. Bd3 Qc7 8. 0-0 e5 9. Be2 e4 10. Nd2 Be7 11. f3 exf3 12. Bxf3 0-0 13. e4 dxe4 14. Ndxe4 Nxe4 15. Bxe4 Nf6 16. Bf4 Qd8 17. Bc2 Bg4 18. Qd2 Nd5 19. Qd3 g6 20. Nxd5 cxd5 21. Qg3 Be2 22. Rfe1 Bh5 23. Qh3 0-1

[Event "Florianopolis op 3rd"]
[Site "Florianopolis"]
[Date "2017.01.23"]
[Round "6"]
[White "Setti, Dalmarino"]
[Black "Silva, Vinicius Parente"]
[Result "0-1"]
[WhiteElo "1625"]
[BlackElo "1956"]
[PlyCount "70"]
[EventDate "2017.01.20"]
[EventType "swiss"]
[EventRounds "10"]
[EventCountry "BRA"]
[SourceTitle "CBM 176 Extra"]
[Source "ChessBase"]
[SourceDate "2017.03.02"]
[SourceVersion "1"]
[SourceVersionDate "2017.03.02"]
[SourceQuality "1"]

1. d4 Nf6 2. c4 c5 3. d5 e6 4. dxe6 fxe6 5. Nc3 Be7 6. Nf3 d6 7. e4 Nc6 8. Be2 0-0 9. 0-0 a6 10. Be3 Ng4 11. Bc1 Bf6 12. h3 Nge5 13. Nxe5 Bxe5 14. Be3 Qh4 15. Qd2 h6 16. Bd3 Bd7 17. Ne2 Qf6 18. f4 Bd4 19. Rf3 Rab8 20. Rd1 Rfd8 21. b3 Be8 22. Bb1 Bxe3+ 23. Rxe3 e5 24. f5 Bh5 25. g4 Bf7 26. Rg3 Qh4 27. Kg2 Kh8 28. Ng1 Nd4 29. Nf3 Qf6 30. Rh1 b5 31. cxb5 axb5 32. h4 Nxf3 33. g5 Nxd2 34. gxf6 gxf6 35. Rd3 Nxb3 0-1

[Event "Florianopolis op 3rd"]
[Site "Florianopolis"]
[Date "2017.01.21"]
[Round "2"]
[White "Setti, Dalmarino"]
[Black "Ribeiro, Jose Joselito"]
[Result "1/2-1/2"]
[WhiteElo "1625"]
[BlackElo "1914"]
[PlyCount "78"]
[EventDate "2017.01.20"]
[EventType "swiss"]
[EventRounds "10"]
[EventCountry "BRA"]
[SourceTitle "CBM 176 Extra"]
[Source "ChessBase"]
[SourceDate "2017.03.02"]
[SourceVersion "1"]
[SourceVersionDate "2017.03.02"]
[SourceQuality "1"]

1. d4 Nf6 2. c4 g6 3. Nc3 d5 4. Bf4 Bg7 5. Nf3 0-0 6. Rc1 c5 7. dxc5 Qa5 8. cxd5 Rd8 9. Qd2 Nxd5 10. Nxd5 Qxd2+ 11. Bxd2 Rxd5 12. e4 Rd7 13. b4 Nc6 14. a3 Bb2 15. Rb1 Bxa3 16. b5 Nd4 17. Ne5 Rd8 18. Bc4 Be6 19. Bxe6 Nxe6 20. c6 bxc6 21. Nxc6 Rd7 22. Be3 Bc5 23. Bxc5 Nxc5 24. f3 Rb7 25. 0-0 Kf8 26. Rbc1 Ne6 27. Rfd1 f6 28. Rd5 a5 29. b6 a4 30. Ra5 Rxa5 31. Nxa5 Rb8 32. b7 Nd8 33. Rc4 a3 34. Ra4 Nxb7 35. Nxb7 Rxb7 36. Rxa3 Rb2 37. Ra7 h5 38. h4 Kf7 39. Ra6 Rc2 1/2-1/2

[Event "Florianopolis Winter U220 op"]
[Site "Florianopolis"]
[Date "2016.08.20"]
[Round "5"]
[White "Rodrigues, Natanael Isau Braz"]
[Black "Setti, Dalmarino"]
[Result "0-1"]
[WhiteElo "1805"]
[BlackElo "1622"]
[PlyCount "98"]
[EventDate "2016.08.19"]
[EventType "swiss"]
[EventRounds "7"]
[EventCountry "BRA"]
[SourceTitle "CBM 174 Extra"]
[Source "ChessBase"]
[SourceDate "2016.10.10"]
[SourceVersion "1"]
[SourceVersionDate "2016.10.10"]
[SourceQuality "1"]

1. e4 c6 2. d3 d5 3. Nd2 g6 4. g3 Bg7 5. Bg2 Nf6 6. e5 Nfd7 7. f4 0-0 8. Ngf3 Qb6 9. Qe2 e6 10. Nb3 c5 11. c3 Nc6 12. Be3 Na5 13. Nxc5 Qc7 14. Nb3 Nc6 15. 0-0 a5 16. a4 b6 17. Rfc1 Qb8 18. Nbd4 Nxd4 19. Nxd4 Bb7 20. Nb5 Nc5 21. Bxc5 bxc5 22. Nd6 Rd8 23. Ra3 Bf8 24. Nxb7 Qxb7 25. c4 Rab8 26. Ra2 Qb3 27. Rca1 dxc4 28. dxc4 Rd4 29. Bf1 Rbd8 30. Ra3 Qb4 31. Re3 Rd2 32. Qf3 Qxb2 33. Raa3 Qd4 34. Kh1 Qb2 35. h4 Rf2 36. Rab3 Rxf3 37. Rxf3 Qa1 38. Ra3 Qd1 39. Kh2 Rd2+ 40. Kh3 h5 41. g4 hxg4+ 42. Kxg4 Qc2 43. Rfc3 Qf5+ 44. Kg3 Qb1 45. Rf3 Bh6 46. Rab3 Qd1 47. Rb8+ Kg7 48. Rbb3 Qe1+ 49. Kg4 Rf2 0-1

[Event "Florianopolis Winter U220 op"]
[Site "Florianopolis"]
[Date "2016.08.19"]
[Round "2"]
[White "Hille, Willian Henrique"]
[Black "Setti, Dalmarino"]
[Result "1-0"]
[WhiteElo "1863"]
[BlackElo "1622"]
[PlyCount "69"]
[EventDate "2016.08.19"]
[EventType "swiss"]
[EventRounds "7"]
[EventCountry "BRA"]
[SourceTitle "CBM 174 Extra"]
[Source "ChessBase"]
[SourceDate "2016.10.10"]
[SourceVersion "1"]
[SourceVersionDate "2016.10.10"]
[SourceQuality "1"]

1. d4 d5 2. c4 e6 3. Nc3 Nf6 4. Bg5 Be7 5. Nf3 0-0 6. e3 h6 7. Bh4 Ne4 8. Bxe7 Qxe7 9. Bd3 Nxc3 10. bxc3 dxc4 11. Bxc4 Nd7 12. e4 b6 13. 0-0 Bb7 14. Qe2 c5 15. Rfe1 e5 16. d5 Qd6 17. Nh4 g6 18. Qg4 Kh7 19. Kh1 Nf6 20. Qe2 Rad8 21. f4 Bc8 22. Qf1 Nh5 23. f5 g5 24. Nf3 Ng7 25. a4 f6 26. Ra3 Bd7 27. Nd2 Rb8 28. Rea1 Rfc8 29. Ba6 Rd8 30. Bb5 a5 31. Nc4 Qf8 32. Rb3 Bc8 33. Rab1 Qf7 34. Bc6 Qh5 35. Rxb6 1-0

[Event "BRA-ch Amateur U1800"]
[Site "Sao Paulo"]
[Date "2016.05.29"]
[Round "7"]
[White "Coelho, Tatiane Cristina"]
[Black "Setti, Dalmarino"]
[Result "1/2-1/2"]
[WhiteElo "1774"]
[BlackElo "1632"]
[PlyCount "33"]
[EventDate "2016.05.26"]
[EventType "swiss"]
[EventRounds "7"]
[EventCountry "BRA"]
[SourceTitle "EXT 2019"]
[Source "ChessBase"]
[SourceDate "2018.10.10"]
[SourceVersion "1"]
[SourceVersionDate "2018.10.10"]
[SourceQuality "1"]

1. e4 c6 2. Nf3 d5 3. Nc3 dxe4 4. Nxe4 Nd7 5. d4 Ngf6 6. Ng3 e6 7. Bf4 Qb6 8. Rb1 c5 9. Be3 cxd4 10. Bxd4 Bc5 11. Be2 0-0 12. 0-0 Bxd4 13. Qxd4 Qc7 14. c4 b6 15. Rfd1 Bb7 16. Qd6 Qc6 17. Qxc6 1/2-1/2

[Event "BRA-ch Amateur U1800"]
[Site "Sao Paulo"]
[Date "2016.05.27"]
[Round "3"]
[White "Cardoso, Marcio de Lucca"]
[Black "Setti, Dalmarino"]
[Result "1-0"]
[WhiteElo "1799"]
[BlackElo "1632"]
[PlyCount "99"]
[EventDate "2016.05.26"]
[EventType "swiss"]
[EventRounds "7"]
[EventCountry "BRA"]
[SourceTitle "EXT 2019"]
[Source "ChessBase"]
[SourceDate "2018.10.10"]
[SourceVersion "1"]
[SourceVersionDate "2018.10.10"]
[SourceQuality "1"]

1. e4 c6 2. d4 d5 3. Nd2 dxe4 4. Nxe4 Nd7 5. Nf3 Ngf6 6. Bd3 Nxe4 7. Bxe4 Nf6 8. Bd3 Bg4 9. c3 Qc7 10. h3 Bh5 11. g4 Bg6 12. Ne5 Bxd3 13. Qxd3 e6 14. Be3 Bd6 15. Nc4 Be7 16. 0-0-0 Nd5 17. Bd2 0-0-0 18. Qf3 Rhf8 19. Qe4 Rh8 20. g5 c5 21. Kb1 b5 22. Ne5 Bd6 23. f4 Bxe5 24. fxe5 c4 25. Rdf1 g6 26. h4 Rhf8 27. h5 Ne7 28. hxg6 hxg6 29. Rh7 Nf5 30. Bf4 Qb7 31. Qxb7+ Kxb7 32. Kc2 Kc6 33. Bd2 Rd7 34. b3 Rb8 35. b4 Rbb7 36. Ra1 Kb6 37. a4 a6 38. Rh8 Ra7 39. Be1 Ne3+ 40. Kd2 Nd5 41. Bf2 Kc6 42. a5 Rdc7 43. Rah1 Rd7 44. Rc8+ Rac7 45. Ra8 Ra7 46. Rf8 Rac7 47. Rhh8 Rb7 48. Ra8 Ra7 49. Rhc8+ Kb7 50. Rab8# 1-0

[Event "Florianopolis op 2nd"]
[Site "Florianopolis"]
[Date "2016.01.19"]
[Round "6"]
[White "Setti, Dalmarino"]
[Black "Mendes, Rodrigo Machado"]
[Result "0-1"]
[WhiteElo "1657"]
[BlackElo "1924"]
[PlyCount "74"]
[EventDate "2016.01.16"]
[EventType "swiss"]
[EventRounds "10"]
[EventCountry "BRA"]
[SourceTitle "CBM 170 Extra"]
[Source "ChessBase"]
[SourceDate "2016.02.25"]
[SourceVersion "1"]
[SourceVersionDate "2016.02.25"]
[SourceQuality "1"]

1. d4 Nf6 2. Nf3 e6 3. e3 b6 4. Bd3 Bb7 5. 0-0 Be7 6. c4 0-0 7. Nc3 d5 8. Ne5 c5 9. cxd5 cxd4 10. exd4 Nxd5 11. Re1 Nf6 12. Re3 Nc6 13. Nxc6 Bxc6 14. Rh3 g6 15. Be3 Rc8 16. Qe2 Re8 17. Rd1 Nd5 18. Ne4 Nxe3 19. fxe3 f5 20. Nc3 Bf6 21. Bc4 Qe7 22. b3 Kg7 23. e4 fxe4 24. Nxe4 Bxe4 25. Qxe4 Qd6 26. Rhd3 Rcd8 27. Qg4 Re7 28. h4 Qd7 29. h5 b5 30. hxg6 bxc4 31. gxh7+ Kh8 32. bxc4 Rxh7 33. Qe4 Qd6 34. d5 Qh2+ 35. Kf1 Rh4 36. Rh3 Qxh3 37. gxh3 Rxe4 0-1